| 000 | 00366nam a22001337a 4500 | ||
|---|---|---|---|
| 082 |
_a300 _bCBSE/R |
||
| 100 | _aRELIABLE | ||
| 245 |
_aQUESTION BANK (SOLVED) SOCIAL SCIENCE _bCLASS X |
||
| 260 |
_aDELHI _bRELIABLE ENTERPRISES |
||
| 300 | _a280 | ||
| 520 | _aSA - II, CCE PATTERN, BASED ON CBSE QUESTION PAPERS | ||
| 650 |
_aSOCIAL SCIENCE CLASS X _zINDIA |
||
| 942 | _cBK | ||
| 999 |
_c1294 _d1294 |
||